000
00482nam a2200157Ia 4500
008
151213s9999 xx 000 0 und d
100
_a
ওমর শাম্স।
245
_a
বোধিবক্ষ তলে।
_c
ওমর শাম্স।
250
_a
২য় সং
260
_a
ঢাকা
_b
মিসিং লিংক।
_c
1998
300
_a
4435 p.
650
_a
Bangla
650
_a
সংগীত
700
_a
ওমর শাম্স।
999
_c
2810
_d
2810